Deadly waters / (Record no. 3462)

MARC details
000 -LEADER
fixed length control field 00817nam a22002537a 4500
001 - CONTROL NUMBER
control field 3462
003 - CONTROL NUMBER IDENTIFIER
control field FISKH
005 - DATE AND TIME OF LATEST TRANSACTION
control field 20240307134104.0
008 - FIXED-LENGTH DATA ELEMENTS--GENERAL INFORMATION
fixed length control field 240307b cb ||||| |||| 00| 0 eng d
040 ## - CATALOGING SOURCE
Original cataloging agency FISK
Language of cataloging eng
Transcribing agency FISK
Modifying agency FISK
050 ## - LIBRARY OF CONGRESS CALL NUMBER
Classification number PZ7.S6287
082 ## - DEWEY DECIMAL CLASSIFICATION NUMBER
Classification number 303
100 ## - MAIN ENTRY--PERSONAL NAME
Personal name Ferguson Skurzynski
Dates associated with a name 1930-
245 ## - TITLE STATEMENT
Title Deadly waters /
Statement of responsibility, etc. Skurzynski Ferguson
260 ## - PUBLICATION, DISTRIBUTION, ETC.
Place of publication, distribution, etc. New York :
Name of publisher, distributor, etc. Scholastic,
Date of publication, distribution, etc. 2003
300 ## - PHYSICAL DESCRIPTION
Extent 143 pages :
Dimensions 20 cm
490 ## - SERIES STATEMENT
Materials specified Mysteries in our national parks
505 ## - FORMATTED CONTENTS NOTE
Formatted contents note M
520 ## - SUMMARY, ETC.
Summary, etc. While visiting the Everglades National Park with their parents, the Landon children uncover the mystery of dying manatees and learn important lessons about the natural environment.
521 8# - TARGET AUDIENCE NOTE
Target audience note 770
Source Lexile
700 ## - ADDED ENTRY--PERSONAL NAME
Personal name Skurzynski Ferguson
942 ## - ADDED ENTRY ELEMENTS (KOHA)
Source of classification or shelving scheme Dewey Decimal Classification
Koha item type Books
Suppress in OPAC No
Holdings
Withdrawn status Lost status Source of classification or shelving scheme Damaged status Not for loan Collection Home library Current library Shelving location Date acquired Total Checkouts Full call number Barcode Date last seen Copy number Price effective from Koha item type
    Dewey Decimal Classification     Fiction Footprints International School Library Network Toul Kork Campus Footprints International School Library Network Toul Kork Campus   03/07/2024   FER PZ7.S6287 303 2024-0279 03/07/2024 1 03/07/2024 Books